<?xml version="1.0" encoding="UTF-8"?><marc:collection xmlns:marc="http://www.loc.gov/MARC21/slim">
  <marc:record>
    <marc:leader>00000nim  2200000za 4500</marc:leader>
    <marc:controlfield tag="001">9.856061</marc:controlfield>
    <marc:controlfield tag="003">CaOODSP</marc:controlfield>
    <marc:controlfield tag="005">20221107155442</marc:controlfield>
    <marc:controlfield tag="006">m    go  h f      </marc:controlfield>
    <marc:controlfield tag="007">cr ||a|||a||||</marc:controlfield>
    <marc:controlfield tag="008">180502s2009    oncnnnn#o||||||nn n eng d</marc:controlfield>
    <marc:datafield tag="040" ind1=" " ind2=" ">
      <marc:subfield code="a">CaOODSP</marc:subfield>
      <marc:subfield code="b">eng</marc:subfield>
    </marc:datafield>
    <marc:datafield tag="043" ind1=" " ind2=" ">
      <marc:subfield code="a">n-cn---</marc:subfield>
    </marc:datafield>
    <marc:datafield tag="086" ind1="1" ind2=" ">
      <marc:subfield code="a">SC103-38/13-2009-2E-MP3</marc:subfield>
    </marc:datafield>
    <marc:datafield tag="245" ind1="0" ind2="0">
      <marc:subfield code="a">[Short telephone messages] </marc:subfield>
      <marc:subfield code="h">[electronic resource].</marc:subfield>
    </marc:datafield>
    <marc:datafield tag="260" ind1=" " ind2=" ">
      <marc:subfield code="a">Ottawa : </marc:subfield>
      <marc:subfield code="b">Canada School of Public Service, </marc:subfield>
      <marc:subfield code="c">c2009.</marc:subfield>
    </marc:datafield>
    <marc:datafield tag="300" ind1=" " ind2=" ">
      <marc:subfield code="a">36 streaming audio files : </marc:subfield>
      <marc:subfield code="b">sound.</marc:subfield>
    </marc:datafield>
    <marc:datafield tag="500" ind1=" " ind2=" ">
      <marc:subfield code="a">Title supplied by publisher.</marc:subfield>
    </marc:datafield>
    <marc:datafield tag="538" ind1=" " ind2=" ">
      <marc:subfield code="a">Mode of access: World Wide Web.</marc:subfield>
    </marc:datafield>
    <marc:datafield tag="580" ind1=" " ind2=" ">
      <marc:subfield code="a">Companion publication to: Preparation for English second language evaluation : oral proficiency - levels B and C.</marc:subfield>
    </marc:datafield>
    <marc:datafield tag="692" ind1="0" ind2="7">
      <marc:subfield code="2">gccst</marc:subfield>
      <marc:subfield code="a">Second language assessment</marc:subfield>
    </marc:datafield>
    <marc:datafield tag="692" ind1="0" ind2="7">
      <marc:subfield code="2">gccst</marc:subfield>
      <marc:subfield code="a">English second language</marc:subfield>
    </marc:datafield>
    <marc:datafield tag="692" ind1="0" ind2="7">
      <marc:subfield code="2">gccst</marc:subfield>
      <marc:subfield code="a">Sound recordings</marc:subfield>
    </marc:datafield>
    <marc:datafield tag="710" ind1="2" ind2=" ">
      <marc:subfield code="a">Canada School of Public Service.</marc:subfield>
    </marc:datafield>
    <marc:datafield tag="787" ind1="0" ind2=" ">
      <marc:subfield code="t">Preparation for English second language evaluation. Oral proficiency - levels B and C.</marc:subfield>
    </marc:datafield>
    <marc:datafield tag="856" ind1="4" ind2="0">
      <marc:subfield code="q">MP3</marc:subfield>
      <marc:subfield code="s">767 KB</marc:subfield>
      <marc:subfield code="u">https://publications.gc.ca/collections/collection_2018/efpc-csps/MP3/SC103-38-13-2009-2E-MP3/SC103-38-13-2009-2-1-eng.mp3</marc:subfield>
      <marc:subfield code="z">1. Melinda</marc:subfield>
    </marc:datafield>
    <marc:datafield tag="856" ind1="4" ind2="0">
      <marc:subfield code="q">MP3</marc:subfield>
      <marc:subfield code="s">1020 KB</marc:subfield>
      <marc:subfield code="u">https://publications.gc.ca/collections/collection_2018/efpc-csps/MP3/SC103-38-13-2009-2E-MP3/SC103-38-13-2009-2-2-eng.mp3</marc:subfield>
      <marc:subfield code="z">2. Karl</marc:subfield>
    </marc:datafield>
    <marc:datafield tag="856" ind1="4" ind2="0">
      <marc:subfield code="q">MP3</marc:subfield>
      <marc:subfield code="s">1.10 MB</marc:subfield>
      <marc:subfield code="u">https://publications.gc.ca/collections/collection_2018/efpc-csps/MP3/SC103-38-13-2009-2E-MP3/SC103-38-13-2009-2-3-eng.mp3</marc:subfield>
      <marc:subfield code="z">3. Jamie</marc:subfield>
    </marc:datafield>
    <marc:datafield tag="856" ind1="4" ind2="0">
      <marc:subfield code="q">MP3</marc:subfield>
      <marc:subfield code="s">987 KB</marc:subfield>
      <marc:subfield code="u">https://publications.gc.ca/collections/collection_2018/efpc-csps/MP3/SC103-38-13-2009-2E-MP3/SC103-38-13-2009-2-4-eng.mp3</marc:subfield>
      <marc:subfield code="z">4. Theo</marc:subfield>
    </marc:datafield>
    <marc:datafield tag="856" ind1="4" ind2="0">
      <marc:subfield code="q">MP3</marc:subfield>
      <marc:subfield code="s">711 KB</marc:subfield>
      <marc:subfield code="u">https://publications.gc.ca/collections/collection_2018/efpc-csps/MP3/SC103-38-13-2009-2E-MP3/SC103-38-13-2009-2-5-eng.mp3</marc:subfield>
      <marc:subfield code="z">5. Ms Scantland</marc:subfield>
    </marc:datafield>
    <marc:datafield tag="856" ind1="4" ind2="0">
      <marc:subfield code="q">MP3</marc:subfield>
      <marc:subfield code="s">731 KB</marc:subfield>
      <marc:subfield code="u">https://publications.gc.ca/collections/collection_2018/efpc-csps/MP3/SC103-38-13-2009-2E-MP3/SC103-38-13-2009-2-6-eng.mp3</marc:subfield>
      <marc:subfield code="z">6. Andros</marc:subfield>
    </marc:datafield>
    <marc:datafield tag="856" ind1="4" ind2="0">
      <marc:subfield code="q">MP3</marc:subfield>
      <marc:subfield code="s">1.06 MB</marc:subfield>
      <marc:subfield code="u">https://publications.gc.ca/collections/collection_2018/efpc-csps/MP3/SC103-38-13-2009-2E-MP3/SC103-38-13-2009-2-7-eng.mp3</marc:subfield>
      <marc:subfield code="z">7. Jeff</marc:subfield>
    </marc:datafield>
    <marc:datafield tag="856" ind1="4" ind2="0">
      <marc:subfield code="q">MP3</marc:subfield>
      <marc:subfield code="s">824 KB</marc:subfield>
      <marc:subfield code="u">https://publications.gc.ca/collections/collection_2018/efpc-csps/MP3/SC103-38-13-2009-2E-MP3/SC103-38-13-2009-2-8-eng.mp3</marc:subfield>
      <marc:subfield code="z">8. Jas</marc:subfield>
    </marc:datafield>
    <marc:datafield tag="856" ind1="4" ind2="0">
      <marc:subfield code="q">MP3</marc:subfield>
      <marc:subfield code="s">779 KB</marc:subfield>
      <marc:subfield code="u">https://publications.gc.ca/collections/collection_2018/efpc-csps/MP3/SC103-38-13-2009-2E-MP3/SC103-38-13-2009-2-9-eng.mp3</marc:subfield>
      <marc:subfield code="z">9. Caller-Eric</marc:subfield>
    </marc:datafield>
    <marc:datafield tag="856" ind1="4" ind2="0">
      <marc:subfield code="q">MP3</marc:subfield>
      <marc:subfield code="s">477 KB</marc:subfield>
      <marc:subfield code="u">https://publications.gc.ca/collections/collection_2018/efpc-csps/MP3/SC103-38-13-2009-2E-MP3/SC103-38-13-2009-2-10-eng.mp3</marc:subfield>
      <marc:subfield code="z">10. Warehouse Jai Alli</marc:subfield>
    </marc:datafield>
    <marc:datafield tag="856" ind1="4" ind2="0">
      <marc:subfield code="q">MP3</marc:subfield>
      <marc:subfield code="s">444 KB</marc:subfield>
      <marc:subfield code="u">https://publications.gc.ca/collections/collection_2018/efpc-csps/MP3/SC103-38-13-2009-2E-MP3/SC103-38-13-2009-2-11-eng.mp3</marc:subfield>
      <marc:subfield code="z">11. Security Frank keys</marc:subfield>
    </marc:datafield>
    <marc:datafield tag="856" ind1="4" ind2="0">
      <marc:subfield code="q">MP3</marc:subfield>
      <marc:subfield code="s">652 KB</marc:subfield>
      <marc:subfield code="u">https://publications.gc.ca/collections/collection_2018/efpc-csps/MP3/SC103-38-13-2009-2E-MP3/SC103-38-13-2009-2-12-eng.mp3</marc:subfield>
      <marc:subfield code="z">12. Mya Haider &amp; Suma Kart</marc:subfield>
    </marc:datafield>
    <marc:datafield tag="856" ind1="4" ind2="0">
      <marc:subfield code="q">MP3</marc:subfield>
      <marc:subfield code="s">660 KB</marc:subfield>
      <marc:subfield code="u">https://publications.gc.ca/collections/collection_2018/efpc-csps/MP3/SC103-38-13-2009-2E-MP3/SC103-38-13-2009-2-13-eng.mp3</marc:subfield>
      <marc:subfield code="z">13. Karen McCloud</marc:subfield>
    </marc:datafield>
    <marc:datafield tag="856" ind1="4" ind2="0">
      <marc:subfield code="q">MP3</marc:subfield>
      <marc:subfield code="s">782 KB</marc:subfield>
      <marc:subfield code="u">https://publications.gc.ca/collections/collection_2018/efpc-csps/MP3/SC103-38-13-2009-2E-MP3/SC103-38-13-2009-2-14-eng.mp3</marc:subfield>
      <marc:subfield code="z">14. Judy Dundurn</marc:subfield>
    </marc:datafield>
    <marc:datafield tag="856" ind1="4" ind2="0">
      <marc:subfield code="q">MP3</marc:subfield>
      <marc:subfield code="s">739 KB</marc:subfield>
      <marc:subfield code="u">https://publications.gc.ca/collections/collection_2018/efpc-csps/MP3/SC103-38-13-2009-2E-MP3/SC103-38-13-2009-2-15-eng.mp3</marc:subfield>
      <marc:subfield code="z">15. to Jasmine</marc:subfield>
    </marc:datafield>
    <marc:datafield tag="856" ind1="4" ind2="0">
      <marc:subfield code="q">MP3</marc:subfield>
      <marc:subfield code="s">711 KB</marc:subfield>
      <marc:subfield code="u">https://publications.gc.ca/collections/collection_2018/efpc-csps/MP3/SC103-38-13-2009-2E-MP3/SC103-38-13-2009-2-16-eng.mp3</marc:subfield>
      <marc:subfield code="z">16. Paula to Anna</marc:subfield>
    </marc:datafield>
    <marc:datafield tag="856" ind1="4" ind2="0">
      <marc:subfield code="q">MP3</marc:subfield>
      <marc:subfield code="s">649 KB</marc:subfield>
      <marc:subfield code="u">https://publications.gc.ca/collections/collection_2018/efpc-csps/MP3/SC103-38-13-2009-2E-MP3/SC103-38-13-2009-2-17-eng.mp3</marc:subfield>
      <marc:subfield code="z">17. Message</marc:subfield>
    </marc:datafield>
    <marc:datafield tag="856" ind1="4" ind2="0">
      <marc:subfield code="q">MP3</marc:subfield>
      <marc:subfield code="s">554 KB</marc:subfield>
      <marc:subfield code="u">https://publications.gc.ca/collections/collection_2018/efpc-csps/MP3/SC103-38-13-2009-2E-MP3/SC103-38-13-2009-2-18-eng.mp3</marc:subfield>
      <marc:subfield code="z">18. Jennifer to Sonya</marc:subfield>
    </marc:datafield>
    <marc:datafield tag="856" ind1="4" ind2="0">
      <marc:subfield code="q">MP3</marc:subfield>
      <marc:subfield code="s">604 KB</marc:subfield>
      <marc:subfield code="u">https://publications.gc.ca/collections/collection_2018/efpc-csps/MP3/SC103-38-13-2009-2E-MP3/SC103-38-13-2009-2-19-eng.mp3</marc:subfield>
      <marc:subfield code="z">19. to Mr Besharah</marc:subfield>
    </marc:datafield>
    <marc:datafield tag="856" ind1="4" ind2="0">
      <marc:subfield code="q">MP3</marc:subfield>
      <marc:subfield code="s">566 KB</marc:subfield>
      <marc:subfield code="u">https://publications.gc.ca/collections/collection_2018/efpc-csps/MP3/SC103-38-13-2009-2E-MP3/SC103-38-13-2009-2-20-eng.mp3</marc:subfield>
      <marc:subfield code="z">20. Stephen to Richard</marc:subfield>
    </marc:datafield>
    <marc:datafield tag="856" ind1="4" ind2="0">
      <marc:subfield code="q">MP3</marc:subfield>
      <marc:subfield code="s">859 KB</marc:subfield>
      <marc:subfield code="u">https://publications.gc.ca/collections/collection_2018/efpc-csps/MP3/SC103-38-13-2009-2E-MP3/SC103-38-13-2009-2-21-eng.mp3</marc:subfield>
      <marc:subfield code="z">21. to Jerry</marc:subfield>
    </marc:datafield>
    <marc:datafield tag="856" ind1="4" ind2="0">
      <marc:subfield code="q">MP3</marc:subfield>
      <marc:subfield code="s">734 KB</marc:subfield>
      <marc:subfield code="u">https://publications.gc.ca/collections/collection_2018/efpc-csps/MP3/SC103-38-13-2009-2E-MP3/SC103-38-13-2009-2-22-eng.mp3</marc:subfield>
      <marc:subfield code="z">22. to Ms Sinclair</marc:subfield>
    </marc:datafield>
    <marc:datafield tag="856" ind1="4" ind2="0">
      <marc:subfield code="q">MP3</marc:subfield>
      <marc:subfield code="s">408 KB</marc:subfield>
      <marc:subfield code="u">https://publications.gc.ca/collections/collection_2018/efpc-csps/MP3/SC103-38-13-2009-2E-MP3/SC103-38-13-2009-2-23-eng.mp3</marc:subfield>
      <marc:subfield code="z">23. Gary to Andrew</marc:subfield>
    </marc:datafield>
    <marc:datafield tag="856" ind1="4" ind2="0">
      <marc:subfield code="q">MP3</marc:subfield>
      <marc:subfield code="s">404 KB</marc:subfield>
      <marc:subfield code="u">https://publications.gc.ca/collections/collection_2018/efpc-csps/MP3/SC103-38-13-2009-2E-MP3/SC103-38-13-2009-2-24-eng.mp3</marc:subfield>
      <marc:subfield code="z">24. Mark Clarkson</marc:subfield>
    </marc:datafield>
    <marc:datafield tag="856" ind1="4" ind2="0">
      <marc:subfield code="q">MP3</marc:subfield>
      <marc:subfield code="s">585 KB</marc:subfield>
      <marc:subfield code="u">https://publications.gc.ca/collections/collection_2018/efpc-csps/MP3/SC103-38-13-2009-2E-MP3/SC103-38-13-2009-2-25-eng.mp3</marc:subfield>
      <marc:subfield code="z">25. Jim</marc:subfield>
    </marc:datafield>
    <marc:datafield tag="856" ind1="4" ind2="0">
      <marc:subfield code="q">MP3</marc:subfield>
      <marc:subfield code="s">518 KB</marc:subfield>
      <marc:subfield code="u">https://publications.gc.ca/collections/collection_2018/efpc-csps/MP3/SC103-38-13-2009-2E-MP3/SC103-38-13-2009-2-26-eng.mp3</marc:subfield>
      <marc:subfield code="z">26. to Rhonda</marc:subfield>
    </marc:datafield>
    <marc:datafield tag="856" ind1="4" ind2="0">
      <marc:subfield code="q">MP3</marc:subfield>
      <marc:subfield code="s">556 KB</marc:subfield>
      <marc:subfield code="u">https://publications.gc.ca/collections/collection_2018/efpc-csps/MP3/SC103-38-13-2009-2E-MP3/SC103-38-13-2009-2-27-eng.mp3</marc:subfield>
      <marc:subfield code="z">27. Martin to Jack</marc:subfield>
    </marc:datafield>
    <marc:datafield tag="856" ind1="4" ind2="0">
      <marc:subfield code="q">MP3</marc:subfield>
      <marc:subfield code="s">714 KB</marc:subfield>
      <marc:subfield code="u">https://publications.gc.ca/collections/collection_2018/efpc-csps/MP3/SC103-38-13-2009-2E-MP3/SC103-38-13-2009-2-28-eng.mp3</marc:subfield>
      <marc:subfield code="z">28. Susan Richards</marc:subfield>
    </marc:datafield>
    <marc:datafield tag="856" ind1="4" ind2="0">
      <marc:subfield code="q">MP3</marc:subfield>
      <marc:subfield code="s">503 KB</marc:subfield>
      <marc:subfield code="u">https://publications.gc.ca/collections/collection_2018/efpc-csps/MP3/SC103-38-13-2009-2E-MP3/SC103-38-13-2009-2-29-eng.mp3</marc:subfield>
      <marc:subfield code="z">29. to Danielle</marc:subfield>
    </marc:datafield>
    <marc:datafield tag="856" ind1="4" ind2="0">
      <marc:subfield code="q">MP3</marc:subfield>
      <marc:subfield code="s">718 KB</marc:subfield>
      <marc:subfield code="u">https://publications.gc.ca/collections/collection_2018/efpc-csps/MP3/SC103-38-13-2009-2E-MP3/SC103-38-13-2009-2-30-eng.mp3</marc:subfield>
      <marc:subfield code="z">30. Richard to Marion</marc:subfield>
    </marc:datafield>
    <marc:datafield tag="856" ind1="4" ind2="0">
      <marc:subfield code="q">MP3</marc:subfield>
      <marc:subfield code="s">862 KB</marc:subfield>
      <marc:subfield code="u">https://publications.gc.ca/collections/collection_2018/efpc-csps/MP3/SC103-38-13-2009-2E-MP3/SC103-38-13-2009-2-31-eng.mp3</marc:subfield>
      <marc:subfield code="z">31. Paul Gardner</marc:subfield>
    </marc:datafield>
    <marc:datafield tag="856" ind1="4" ind2="0">
      <marc:subfield code="q">MP3</marc:subfield>
      <marc:subfield code="s">717 KB</marc:subfield>
      <marc:subfield code="u">https://publications.gc.ca/collections/collection_2018/efpc-csps/MP3/SC103-38-13-2009-2E-MP3/SC103-38-13-2009-2-32-eng.mp3</marc:subfield>
      <marc:subfield code="z">32. to Lynn</marc:subfield>
    </marc:datafield>
    <marc:datafield tag="856" ind1="4" ind2="0">
      <marc:subfield code="q">MP3</marc:subfield>
      <marc:subfield code="s">644 KB</marc:subfield>
      <marc:subfield code="u">https://publications.gc.ca/collections/collection_2018/efpc-csps/MP3/SC103-38-13-2009-2E-MP3/SC103-38-13-2009-2-33-eng.mp3</marc:subfield>
      <marc:subfield code="z">33. David to Glenda</marc:subfield>
    </marc:datafield>
    <marc:datafield tag="856" ind1="4" ind2="0">
      <marc:subfield code="q">MP3</marc:subfield>
      <marc:subfield code="s">433 KB</marc:subfield>
      <marc:subfield code="u">https://publications.gc.ca/collections/collection_2018/efpc-csps/MP3/SC103-38-13-2009-2E-MP3/SC103-38-13-2009-2-34-eng.mp3</marc:subfield>
      <marc:subfield code="z">34. to Ravi Patel</marc:subfield>
    </marc:datafield>
    <marc:datafield tag="856" ind1="4" ind2="0">
      <marc:subfield code="q">MP3</marc:subfield>
      <marc:subfield code="s">767 KB</marc:subfield>
      <marc:subfield code="u">https://publications.gc.ca/collections/collection_2018/efpc-csps/MP3/SC103-38-13-2009-2E-MP3/SC103-38-13-2009-2-35-eng.mp3</marc:subfield>
      <marc:subfield code="z">35. Nancy to Myra</marc:subfield>
    </marc:datafield>
    <marc:datafield tag="856" ind1="4" ind2="0">
      <marc:subfield code="q">MP3</marc:subfield>
      <marc:subfield code="s">757 KB</marc:subfield>
      <marc:subfield code="u">https://publications.gc.ca/collections/collection_2018/efpc-csps/MP3/SC103-38-13-2009-2E-MP3/SC103-38-13-2009-2-36-eng.mp3</marc:subfield>
      <marc:subfield code="z">36. Joan Jackman</marc:subfield>
    </marc:datafield>
  </marc:record>
</marc:collection>
